| 000 | 00513nam a2200169 i 4500 | ||
|---|---|---|---|
| 001 | 101958 | ||
| 003 | ES-MaACL | ||
| 005 | 20250827063218.0 | ||
| 007 | t| | ||
| 008 | 051028s1933 ag ||||1| spa d | ||
| 100 | 1 |
_aMéndez Calzada, Luis, _d1888-1945 _980144 |
|
| 245 | 1 | 3 |
_aLa familia y la propiedad en el nuevo Derecho español / _cLuis Méndez Calzada. |
| 260 |
_aBuenos Aires : _bRuiz Hermanos, _c1933. |
||
| 300 |
_a36 p. ; _c22 cm. |
||
| 852 |
_aES-MaACL _j1777-F-3 |
||
| 999 |
_c101958 _d101958 |
||